00543nam a2200169Ia 4500008004100000041000800041082001600049100001300065245006300078260001400141300000800155365000800163700001300171906002700184999001900211952014300230230718s9999 xx 000 0 und d aeng a330.03bWEB aWebsters aInternational Websters Pocket Grammers Business Dictionary c2001bCBS a318 cRs. aWebsters dB:293403-Nov-2001cOTH c302459d302459 00104070aCCEPbCCEPd2001-11-03eMasurkar EnterprisesfOTHi2934l0o330.03pCCEP-BK-13666r2023-07-18 00:00:00w2001-11-03yBKz013666